Prontuario de Amparo 2019

Detalles Bibliográficos
Formato: eBook
Lenguaje:español
Publicado: Ciudad de Mx̌ico: Tax Editores, 2019
Edición:Novena edicin̤
Materias:
Acceso en línea:Acceso restringido

MARC

LEADER 00000nam a22000007a 4500
005 20190517004135.0
007 cr|||| ||||
008 190517s2019 mx |||||s|||| 00||0 spa d
020 |a 978-607-629-374-4 
035 |a 23378 
040 |a vLex 
090 |c 8739  |d 8739 
245 0 0 |a Prontuario de Amparo 2019  |h [Recurso electrn̤ico] / 
250 |a Novena edicin̤ 
256 |a Servicio en ln̕ea 
260 |a Ciudad de Mx̌ico:  |b Tax Editores,  |c 2019 
300 |a 1 recurso electrn̤ico 
500 |a 718 pg̀inas. 
506 1 |a Disponible solo en los productos indicados  |d vLex Global  |d vLex Global (Academic Edition, excluding Law Schools)  |d vLex Global (U.S. Academic Edition, Law Schools)  |d vLex Global (U.S. Academic Edition, excluding Law Schools)  |d vLex Global (Academic Edition, Law Schools) 
650 0 4 |a Derecho Constitucional  |z Mx̌ico 
740 0 |a vLex Libros (Servicio en ln̕ea) 
856 4 0 |u http://vlex.com/source/prontuario-amparo-2019-23378  |z Acceso restringido 
942 |c BOOK 
999 0 |a Constitutional right